| 000 | 00450nab a2200145Ia 4500 | ||
|---|---|---|---|
| 003 | ES-SlBCS | ||
| 005 | 20210601134743.0 | ||
| 008 | 140529s2009 xxu||||| |||| 00| 0 spa d | ||
| 041 | _aspa | ||
| 100 | 1 |
_aSuárez Villegas, Juan Carlos _931378 |
|
| 245 | 0 | 0 |
_aLa simpatía como concepto moral _c Juan Carlos Suárez Villegas |
| 650 | 0 | 4 |
_aSimpatía _9132810 |
| 773 | 0 |
_tAnuario Filosofico _gvol. 42/1, nº. 94, 2009, págs. 159-178 _wRev41 |
|
| 942 | _cAR | ||
| 999 |
_c617327 _d617327 |
||